[Event "Ch Ukraine (1/2 final)"]
[Site "masterchessopen.com Alushta (Ukraine)"]
[Date "2006.05.17"]
[Round "5"]
[White "Panchenko Fedor (UKR)"]
[Black "Roschupkin Volodymyr (UKR)"]
[Result "1-0"]
[WhiteElo "2102"]
[BlackElo "1981"]

1.e4 c5 2.d4 cxd4 3.Nf3 Nc6 4.Nxd4 d6 5.Nc3 Nf6 6.Bg5 Bd7 7.Nxc6 bxc6 8.e5
dxe5 9.Qf3 Qb6 10.Bxf6 exf6 11.O-O-O Rb8 12.b3 Be6 13.Qe4 Ba3+ 14.Kb1 O-O
15.Qa4 Bb4 16.Ne4 Bd5 17.f3 Rfd8 18.Bd3 c5 19.Qa6 Qc7 20.Bc4 Bb7 21.Rxd8+ Rxd8
22.Qa4 f5 23.Ng5 Bc6 24.Nxf7 Kf8 25.Nxd8 {#r} 1-0

[Event "It \"]
[Site "masterchessopen.com Guayaquil (Ecuador)"]
[Date "2006.08.12"]
[Round "7"]
[White "Santos Alberto"]
[Black "Alvarez Leon Luis (ECU)"]
[Result "1-0"]
[WhiteElo "2333"]
[BlackElo "2306"]

1.e4 c5 2.Nc3 Nc6 3.Nf3 d6 4.d4 cxd4 5.Nxd4 Nf6 6.Bg5 Bd7 7.Bxf6 gxf6 8.Be2
Qa5 9.O-O Rg8 10.g3 Qg5 11.Nd5 Rc8 12.f4 Qh4 13.Ne3 Nxd4 14.Qxd4 e5 15.Qd3 Qh3
16.fxe5 dxe5 17.Nd5 Be7 18.Rxf6 Rxc2 19.Nxe7 Kxe7 20.Qd6+ Kd8 21.Qb8+ Rc8
22.Qxe5 Rc2 23.Qb8+ Ke7 24.Qxg8 Kxf6 25.Rf1+ Ke5 26.Qxf7 Qe6 27.Qf4+ Kd4
28.e5+ Kc5 29.Qe3+ Kd5 30.Qd3+ {#r} 1-0

[Event "Bundesliga 2006/07"]
[Site "masterchessopen.com Germany"]
[Date "2006.10.29"]
[Round "2"]
[White "Shirov Alexei (ESP)"]
[Black "Czarnota Pawel (POL)"]
[Result "1-0"]
[WhiteElo "2720"]
[BlackElo "2554"]

{ Czarnota Pawel (POL) +1 =1 -2 } 1.e4 c5 2.Nf3 d6 3.d4 cxd4 4.Nxd4 Nf6 5.Nc3
Nc6 6.Bg5 Bd7 7.Be2 Rc8 8.O-O Nxd4 { ? } ( 8...a6 9.Bxf6 gxf6 10.Nf5 Rg8
11.Kh1 Ne5 12.Qd4 Rc5 13.a3 Qc8 14.Ne3 Bg7 15.f4 Ng6 16.f5 Ne5 17.Ncd5 Bh6
18.c4 Qd8 19.b4 Rc6 20.a4 a5 21.Rab1 axb4 22.Rxb4 Bc8 23.Rb5 Nd7 24.a5 Ra6
25.Ra1 Nc5 26.Ra3 Bd7 27.Rb6 Bc6 28.Ng4 { ...1/2-1/2, King Daniel J 2435 -
Speelman Jonathan S 2530 , Edinburgh 1985 Ch Great Britain } ) 9.Qxd4 Qa5 {
?/± } 10.Bxf6 ( 10.Bd2 e5 11.Qe3 { +0.85 CAP } ) 10...gxf6 11.a4 ( 11.Kh1 Qc5
12.Qd3 Bg7 13.Qg3 Qg5 14.Qd3 Qc5 15.Qg3 Qg5 16.Qd3 { 1/2-1/2, Mokry Karel 2505
- Stocek Jiri 2460 , Turnov 1996 Ch Czech Republic (cat.8) } ) 11...a6 (
11...Qc5 12.Qd2 ( 12.Qxc5 { +0.00 CAP } ) 12...e6 ( 12...Bg7 13.Bb5 f5 14.Nd5
Bxb5 15.axb5 fxe4 16.Qg5 Bf6 17.Nxf6+ exf6 18.Qxf6 Qe5 19.Qxe5+ dxe5 20.Rxa7
O-O 21.c3 Rfd8 22.Rxb7 Rd2 23.Rb1 Rcd8 24.h3 Rc2 25.b6 e3 26.fxe3 Rdd2 27.Kh1
Kf8 28.Rb8+ Ke7 29.b7 Rxg2 30.Re8+ Kd7 31.Rd8+ { ...1-0, Hracek Zbynek 2595 -
Heberla Bartlomiej 2443 , Czech Republic 3. 4.2004 Extra League 2003/04 } )
13.Bb5 Bc6 14.Ra3 Rg8 15.Nd5 exd5 16.Rc3 Qb6 17.exd5 Rg5 18.Re1+ Kd8 19.dxc6
bxc6 20.h4 Re5 21.Rxe5 fxe5 22.Qg5+ Ke8 23.Qf5 Qb7 24.Qf3 Ke7 25.Rxc6 Rxc6
26.Qxc6 Qxc6 27.Bxc6 Ke6 28.c4 Bh6 29.Bd5+ Ke7 30.Be4 Bc1 31.b4 { ...1-0, Lie
Kjetil A 2493 - Czarnota Pawel 2529 , Turin 29. 5.2006 Olympiad } ) 12.Kh1 {
-0.18 CAP } ( 12.Qa7 { +0.41 CAP } 12...Qb4 13.Nd5 Qxe4 14.Bf3 Qxc2 15.Rfe1
Be6 16.Nb6 Rc7 17.Qa8+ Bc8 18.Nd5 Rc5 19.b4 Rc6 20.Ne3 { 1-0, Dembo Yelena
2464 - Stojanovic Andjelija 2231 , Kusadasi 5. 4.2006 Ch Europe (w) } ) (
12.Nd5 Qc5 13.Qd2 Qxc2 14.Qe3 Bh6 15.Qxh6 Qxe2 16.Ra3 Qxb2 17.Qe3 b5 18.axb5
Bxb5 19.Qa7 O-O 20.Qxe7 Qxa3 21.Qxf6 Rfe8 22.Qg5+ Kh8 23.Qf6+ { 1/2-1/2,
Pelletier Yannick 2589 - Dreev Alexey 2698 , Calvia 17.10.2004 Olympiad } )
12...h5 { N } ( 12...Qc5 13.Qd3 ( 13.Qd2 Bg7 14.Bd3 h5 15.Nd5 e6 16.b4 Qa7
17.Ne3 Qd4 18.Ra3 Ke7 19.c3 Qb6 20.a5 Qc7 21.Nc4 Rcd8 22.Nb6 h4 23.h3 Bh6
24.f4 Rdg8 25.Bc4 Rg3 26.Qd4 Rhg8 27.Ra2 Bc6 28.Re2 Bb5 29.Rff2 Bxc4 30.Nxc4
Rd8 31.Ne3 Rc8 32.Rc2 { ...1-0, Loeffler Stefan 2415 - Videki Sandor 2470 ,
Lenk 1995 It (open) } ) 13...f5 14.Bf3 Bg7 15.Ra3 Be6 16.exf5 Bc4 17.Qd1 Bxf1
18.Qxf1 Bxc3 19.Rxc3 Qxf5 20.Rxc8+ Qxc8 21.Qd3 O-O 22.c4 b5 23.axb5 axb5 24.b3
bxc4 25.bxc4 Qc5 26.Kg1 Rb8 27.Be2 Rb2 28.g3 Qe5 29.Kf1 e6 30.f4 Qc5 31.Kg2
Qh5 { 0-1, Dabo-Peranic Robert 2254 - Sedlak Nikola 2518 , Zagreb 15. 1.2006
It (open) } ) 13.Qa7 Bc6 { ?! } ( 13...Qb4 { !? } 14.Rab1 Bg7 { } ) 14.Bb5 Qc7
15.Bxc6+ Qxc6 16.f4 h4 17.h3 f5 18.exf5 Rg8 19.Rf3 Bg7 20.Re1 Bxc3 21.bxc3 Qd5
{ ?! } ( 21...f6 { !? } 22.Qf2 Kd8 23.Qxh4 Qxa4 24.Qh7 Re8 { } ) 22.f6 e6
23.Rb1 Rg6 24.Rxb7 Rxf6 25.Qxa6 Qc6 26.Rb6 Qc4 27.Qb7 Rd8 28.Rb4 Qe2 29.Re4
Qxc2 30.f5 Qd2 31.fxe6 Rxf3 32.exf7+ Kf8 33.Qe7+ { } {#r} 1-0

[Event "Tournament (open) \"]
[Site "masterchessopen.com Athens (Greece)"]
[Date "2006.11.24"]
[Round "3"]
[White "Sideris Theodoros (GRE)"]
[Black "Nikolaidou Eleni (GRE)"]
[Result "1-0"]
[WhiteElo "2067"]
[BlackElo "1892"]

1.e4 c5 2.Nf3 d6 3.d4 cxd4 4.Nxd4 Nf6 5.Nc3 Nc6 6.Bg5 Bd7 7.Be2 Qa5 8.Bxf6
gxf6 9.Nb3 Qg5 10.g3 h5 11.f4 Qg6 12.Qd2 Bg4 13.O-O-O Bxe2 14.Qxe2 Bh6 15.Qb5
O-O 16.Qxb7 Rfc8 17.Nd5 e6 18.Qxc6 Rxc6 19.Ne7+ Kf8 20.Nxg6+ fxg6 21.Nd4 Rc4
22.Nxe6+ Ke7 23.Nd4 Rb8 24.b3 Rc5 25.Kb2 Rbc8 26.Rhe1 Kf7 27.c4 a6 28.Nf3 Bf8
29.Rd5 R5c7 30.f5 Rb8 31.fxg6+ Kxg6 32.Nh4+ Kf7 33.Kc3 {#r} 1-0

[Event "Ch Region"]
[Site "masterchessopen.com Voronezh (Russia)"]
[Date "2006.12.14"]
[Round "6"]
[White "Ponomariov Timur (RUS)"]
[Black "Provkin Vladimir (RUS)"]
[Result "1-0"]
[WhiteElo "2327"]
[BlackElo "2338"]

1.e4 c5 2.Nf3 d6 3.d4 cxd4 4.Nxd4 Nf6 5.Nc3 Nc6 6.Bg5 Bd7 7.Be2 Qa5 8.Bxf6
gxf6 9.O-O e6 10.Ndb5 O-O-O 11.Nxd6+ Bxd6 12.Qxd6 Be8 13.Qf4 Qg5 14.Qxg5 fxg5
15.Rad1 Nd4 16.Bd3 Bc6 17.Rfe1 e5 18.Kf1 Rd6 19.Nd5 Rhd8 20.c3 Ne6 21.Bc4 Kb8
22.f3 Nf4 23.Ne3 f6 24.Rxd6 Rxd6 25.Rd1 Rxd1+ 26.Nxd1 Kc7 27.Ne3 Bd7 28.g3 Ng6
29.Nd5+ Kd6 30.Nxf6 Nf8 31.Ke2 Bc6 {#r} 1-0

[Event "Tournament (team)"]
[Site "masterchessopen.com Slask (Poland)"]
[Date "2007.01.28"]
[Round "2"]
[White "Wojciechowski Adam (POL)"]
[Black "Trendota Dawid (POL)"]
[Result "1-0"]
[WhiteElo "2175"]
[BlackElo "1944"]

1.e4 c5 2.Nc3 Nc6 3.Nge2 d6 4.d4 cxd4 5.Nxd4 Nf6 6.Bg5 Bd7 7.Be2 a6 8.Qd2 b5
9.Bxf6 gxf6 10.f4 e6 11.Bf3 Rc8 12.Nce2 Qb6 13.Nxc6 Bxc6 14.O-O-O b4 15.Qd4
Qxd4 16.Nxd4 Bb7 17.Rhe1 Bh6 18.g3 O-O 19.Kb1 Rfd8 20.Rd3 d5 21.exd5 Bxd5
22.Bxd5 Rxd5 23.Red1 Rc4 24.Nf3 Rdc5 25.Rd8+ Kg7 26.Nd4 e5 27.Nf5+ Kg6 28.g4
{#r} 1-0

[Event "Ch Region (juniors) (under 20)"]
[Site "masterchessopen.com Vila Nova de Gaia (Portugal)"]
[Round "6"]
[White "Ferreira Joao Pedro"]
[Black "Pereira Antonio Pedro Dias Cara (POR)"]
[Result "0-1"]
[WhiteElo "1400"]
[BlackElo "2013"]

1.e4 c5 2.Nf3 Nc6 3.d4 cxd4 4.Nxd4 Nf6 5.Nc3 d6 6.Bg5 Bd7 7.Bxf6 gxf6 8.Be2 a6
9.Qd2 b5 10.O-O-O e6 11.Bxb5 axb5 12.Ndxb5 Qb8 13.Nxd6+ Bxd6 14.Qxd6 Qxd6
15.Rxd6 Rg8 16.Rhd1 O-O-O 17.g3 h5 18.h4 Ne5 19.Ra6 Kc7 20.Na4 Bc6 21.Rxd8
Rxd8 22.Nc3 Rd4 23.f4 Nd7 24.Ra5 e5 25.Nd5+ Bxd5 26.exd5 e4 27.Ra7+ Kd6 28.b3
e3 29.Ra4 e2 {#R} 0-1

[Event "It (cat.1)"]
[Site "masterchessopen.com Serpukhov (Russia)"]
[Round "0"]
[White "Shabanov Denis (BLR)"]
[Black "Nagibin George (RUS)"]
[Result "0-1"]
[WhiteElo "2072"]
[BlackElo "2356"]

1.e4 c5 2.Nf3 d6 3.d4 cxd4 4.Nxd4 Nf6 5.Nc3 Nc6 6.Bg5 Bd7 7.Be2 Qa5 8.Bxf6
gxf6 9.Nxc6 bxc6 10.Qd4 Qb6 11.Qxb6 axb6 12.f4 f5 13.Bf3 fxe4 14.Nxe4 Bg7
15.c3 b5 16.Kd2 b4 17.Rhe1 O-O 18.Kc2 d5 19.Nc5 Bf5+ 20.Nd3 bxc3 21.b3 e6
22.g4 Bg6 23.h4 Ra3 24.h5 Bxd3+ 25.Kxd3 Rfa8 26.Re2 Rxb3 27.axb3 Rxa1 28.Rh2
Rf1 29.Ke3 d4+ {#R} 0-1

[Event "Ch Mittelfranken (QT)"]
[Site "masterchessopen.com Postbauer (Germany)"]
[Date "2007.04.05"]
[Round "4"]
[White "Bachstein Dustin (GER)"]
[Black "Thuerauf Peter (GER)"]
[Result "1-0"]
[WhiteElo "2056"]
[BlackElo "1981"]

1.e4 c5 2.Nf3 Nc6 3.d4 cxd4 4.Nxd4 Nf6 5.Nc3 d6 6.Bg5 Bd7 7.Nb3 a6 8.Bxf6 gxf6
9.Qd2 h5 10.f4 Rc8 11.O-O-O Bh6 12.Kb1 f5 13.Bd3 fxe4 14.Nxe4 Kf8 15.Qf2 Nb4
16.Qd4 {#r} 1-0

[Event "It (cat.12)"]
[Site "masterchessopen.com Gausdal (Norway)"]
[Date "2007.04.25"]
[Round "8"]
[White "Lie Kjetil A (NOR)"]
[Black "Dreev Alexey (RUS)"]
[Result "1-0"]
[WhiteElo "2563"]
[BlackElo "2607"]

{ Lie Kjetil A (NOR) +1 =0 -0 Dreev Alexey (RUS) +1 =1 -0 } 1.e4 c5 2.Nf3 Nc6
3.d4 cxd4 4.Nxd4 Nf6 5.Nc3 d6 6.Bg5 Bd7 7.Be2 e6 ( 7...Qa5 8.Bxf6 gxf6 9.Nb3
Qg5 10.g3 f5 11.f4 Qh6 12.Qd2 Bg7 13.O-O-O fxe4 14.Nxe4 a5 15.Qe3 O-O 16.a3
Qe6 17.Qd3 h6 18.Kb1 a4 19.Nc1 Nd4 20.Nc3 Rfc8 21.N1a2 Nxe2 22.Qxe2 Qf6 23.Qe3
Be6 24.Nb4 Rc4 25.Nbd5 Bxd5 26.Rxd5 Rac8 27.Rd3 { ...0-1, Morozevich Alexander
2758 - Dreev Alexey 2698 , Moscow 16.11.2004 Ch Russia } ) 8.Ndb5 ( 8.Qd2 Be7
9.Ndb5 Qb8 10.O-O-O O-O 11.Nxd6 Rd8 12.Qf4 e5 13.Qg3 Be6 14.Nf5 Bxf5 15.exf5
Ne8 16.Bc4 Bxg5+ 17.Qxg5 Nf6 18.f3 Qc7 19.Nd5 Nxd5 20.Bxd5 Ne7 21.f6 Ng6 22.h4
gxf6 23.Qxf6 Rac8 24.Bxf7+ Qxf7 25.Rxd8+ Rxd8 26.Qxd8+ Kg7 27.Rd1 { 1-0,
Garbett Paul Anthony 2354 - Goodwillie C, Waitakere 1991 It (open) } ) 8...Qb8
9.a4 Be7 ( 9...a6 10.Na3 Qc7 11.Qd2 Be7 12.Rd1 Ne5 13.f4 Ng6 14.O-O Bc6 15.Nc4
Nxe4 16.Nxe4 Bxe4 17.Bxe7 Kxe7 18.Nxd6 Qb6+ 19.Qd4 Qxd4+ 20.Rxd4 Bc6 21.Rfd1
Rhd8 22.a5 f6 23.g3 Nh8 24.Bc4 f5 25.Bb3 Rd7 26.c4 Rad8 27.c5 Nf7 28.Re1 Be4
29.Ba4 { ...1/2-1/2, Lautier Joel 2670 - Milov Vadim 2592 , Cap d'Agde 2002 It
(Gr.1) } ) 10.Qd2 ( 10.O-O O-O 11.Bxf6 gxf6 12.Qd2 a6 13.Na3 Qc7 14.Nc4 Ne5
15.Ne3 b5 16.axb5 axb5 17.Ncd5 exd5 18.Nxd5 Qc5 19.b4 Nc4 20.Qc3 { 1-0, Jansa
Vlastimil 2455 - Fuglsang Flemming 2273 , Copenhagen 1992 It (open) } )
10...a6 11.Na3 Qc7 12.Rd1 { ?/= } 12...Na5 { +0.52 CAP N } ( 12...Rd8 13.Nc4
Bc8 14.Be3 Qb8 15.Nb6 Nd7 16.O-O O-O 17.f4 Nc5 18.Bf3 Qc7 19.Nxc8 Rxc8 20.b3
Rfd8 21.Ne2 b5 22.axb5 axb5 23.Qe1 Nd7 24.f5 Nde5 25.Nf4 Bg5 26.Be2 Ne7
27.fxe6 fxe6 28.Qg3 Bxf4 29.Bxf4 N7g6 30.Bg5 Rf8 31.Qh3 Qxc2 { 1/2-1/2,
Spassky Boris V 2690 - Hort Vlastimil 2605 , Moscow 1971 Memorial A.Alekhine }
) ( 12...Ne5 13.f4 Ng6 14.O-O Bc6 15.Nc4 Nxe4 16.Nxe4 Bxe4 17.Bxe7 Kxe7
18.Nxd6 Qb6+ 19.Qd4 Qxd4+ 20.Rxd4 Bc6 21.Rfd1 Rhd8 22.a5 f6 23.g3 Nh8 24.Bc4
f5 25.Bb3 Rd7 26.c4 Rad8 27.c5 Nf7 28.Re1 Be4 29.Ba4 Rc7 30.Rc1 Bc6 31.Bxc6
Rxc6 32.Rb4 { ...1/2-1/2, Lautier Joel 2670 - Milov Vadim 2592 , Cap d'Agde
2002 It (Gr.1) } ) ( 12...h6 13.Be3 Na7 14.Nc4 Nc8 15.a5 Bc6 16.f3 Nd7 17.O-O
O-O 18.Kh1 b5 19.axb6 Ndxb6 20.Na5 Bd7 21.f4 f5 22.exf5 Rxf5 23.Ra1 Nd5
24.Nxd5 Rxd5 25.Qe1 Rb8 26.c4 Rf5 27.Bg4 Rf8 28.Bd4 e5 29.Bxd7 Qxd7 30.fxe5
Rxf1+ 31.Qxf1 Bd8 32.e6 { ...1-0, Prandstetter Eduard 2400 - Rogers Ian 2535 ,
Prague 1990 It (cat.8) "Bohemians" (a) } ) 13.Bf4 Qb6 14.Bxd6 Bxd6 15.Qxd6
Qxb2 16.Rd3 O-O-O { ?! } ( 16...Qc1+ { !? } 17.Bd1 O-O-O 18.O-O Qb2 19.Qc5+
Bc6 20.Qxa5 Rxd3 21.cxd3 Qxa3 22.Be2 Rd8 23.Rb1 { } ) 17.Nd1 Qa1 { ? } (
17...Qc1 18.O-O Bc6 19.Qb4 Bxe4 20.Qxa5 Bxd3 21.Qc3+ Kb8 22.Bxd3 Qf4 23.Ne3
Qd4 24.Qa5 Nd5 { } ) 18.Rc3+ Bc6 19.Qe5 Nb3 20.Nc4 Nd7 21.Qg3 Nbc5 22.Nd6+ Kb8
23.Nxf7+ Ka8 24.Nxd8 Nxe4 25.Qe3 Rxd8 26.Rxc6 Ndf6 27.Rc4 Nd6 28.Qb6 Rd7
29.Qb2 Qxb2 30.Nxb2 Nxc4 31.Nxc4 Ka7 32.Bd3 { } {#r} 1-0

[Event "It (open) \"]
[Site "masterchessopen.com Berlin (Germany)"]
[Date "2007.07.21"]
[Round "8"]
[White "Schlemmermeyer Wilhelm (GER)"]
[Black "Von Herman Ulf (GER)"]
[Result "0-1"]
[WhiteElo "2310"]
[BlackElo "2365"]

1.e4 c5 2.Nf3 Nc6 3.d4 cxd4 4.Nxd4 Nf6 5.Nc3 d6 6.Bg5 Bd7 7.Be2 Qa5 8.Bxf6
gxf6 9.O-O Rg8 10.Nd5 Nxd4 11.Qxd4 Bg7 12.b4 Qd8 13.Rad1 f5 14.Qd3 fxe4
15.Qxe4 Kf8 16.c4 e6 17.Ne3 Ba4 18.Qxb7 Rb8 19.Qxa7 Bxd1 20.Rxd1 Rxb4 21.c5 d5
22.c6 Be5 23.Nc4 Bc7 24.a3 Rb3 25.f4 Qb8 26.Qxb8+ Rxb8 27.Ne5 Rb2 28.Bf1 Ke7
29.g3 Ra8 30.Nd3 Rb3 31.Kh1 Raxa3 {#R} 0-1

[Event "It (open)"]
[Site "masterchessopen.com Augsburg (Germany)"]
[Date "2007.08.04"]
[Round "6"]
[White "Lange Jan-David (GER)"]
[Black "Tyomkyn Mikhail (GER)"]
[Result "1-0"]
[WhiteElo "2116"]
[BlackElo "2040"]

1.e4 c5 2.Nf3 d6 3.d4 cxd4 4.Nxd4 Nf6 5.Nc3 Nc6 6.Bg5 Bd7 7.Bxf6 gxf6 8.Be2
Qa5 9.f4 Nxd4 10.Qxd4 Rc8 11.O-O Qe5 12.Rad1 a6 13.a4 e6 14.Kh1 Qxd4 15.Rxd4
Be7 16.Bh5 Rc5 17.Bf3 O-O 18.h3 Bc6 19.Rd3 Re8 20.Be2 Kf8 21.Rg3 Bd7 22.Bd3
Rb8 23.f5 Re5 24.Rf4 b5 25.Rh4 bxa4 26.Rxh7 Ke8 27.Rg8+ Bf8 28.Rxf8+ {#r} 1-0

[Event "Czech League 2007/08 (1st) East"]
[Site "masterchessopen.com Czech Republic"]
[Date "2007.12.09"]
[Round "4"]
[White "Brychta Jan (CZE)"]
[Black "Hladik Oto (CZE)"]
[Result "1-0"]
[WhiteElo "2231"]
[BlackElo "2224"]

1.e4 c5 2.Nf3 d6 3.d4 cxd4 4.Nxd4 Nf6 5.Nc3 Nc6 6.Bg5 Bd7 7.Nb3 a6 8.Qd2 h6
9.Be3 Ng4 10.Bf4 g5 11.Bg3 Nge5 12.Nd5 e6 13.Ne3 Be7 14.c4 Qb6 15.Be2 Qb4
16.O-O-O Qa4 17.Kb1 b5 18.Nd4 bxc4 19.Nxc6 Bxc6 20.f3 Bb5 21.Rc1 Nd3 22.Bd1
Qb4 23.Qxb4 Nxb4 24.a4 Bc6 25.Nxc4 d5 26.Ne5 Bb7 27.Rc7 Bc8 28.a5 Rg8 29.Ba4+
Kf8 30.Rhc1 {#r} 1-0

[Event "Czech League 2007/08 (2nd) (d)"]
[Site "masterchessopen.com Czech Republic"]
[Date "2008.04.06"]
[Round "11"]
[White "Bakos Eduard (CZE)"]
[Black "Oburka Vladislav (CZE)"]
[Result "1-0"]
[WhiteElo "2121"]
[BlackElo "1750"]

1.e4 c5 2.Nf3 Nc6 3.d4 cxd4 4.Nxd4 Nf6 5.Nc3 d6 6.Bg5 Bd7 7.Bc4 a6 8.Bxf6 gxf6
9.Nxc6 bxc6 10.Qh5 e6 11.O-O-O Rb8 12.b3 Qb6 13.Rhf1 Qb4 14.Rd3 Bg7 15.f4 f5
16.exf5 Qa3+ 17.Kd1 Qa5 18.Ne4 O-O 19.Rg3 f6 20.Qh6 Rf7 21.fxe6 Bxe6 22.Bxe6
Kf8 23.Rxg7 Rxg7 24.Qxf6+ Ke8 25.Nxd6# 1-0

[Event "It (open)"]
[Site "masterchessopen.com Calvi (France)"]
[Date "2008.04.10"]
[Round "7"]
[White "Macak Stefan (SVK)"]
[Black "Piscopo Pierluigi (ITA)"]
[Result "1-0"]
[WhiteElo "2546"]
[BlackElo "2380"]

1.e4 c5 2.Nf3 Nc6 3.Nc3 d6 4.d4 cxd4 5.Nxd4 Nf6 6.Bg5 Bd7 7.f3 Qa5 8.Be3 Nxd4
9.Qxd4 g6 10.Qd2 b5 11.O-O-O Bg7 12.Kb1 Be6 13.Bd4 Kf8 14.Be2 Rc8 15.a3 a6
16.f4 h5 17.Bf3 Rc4 18.Rhe1 b4 19.Na2 Rxd4 20.Qxd4 bxa3 21.b3 Nd5 22.e5 Nc7
23.c4 {#r} 1-0

[Event "Olympiad (national) (youth)"]
[Site "masterchessopen.com Szczavno Zdroj (Poland)"]
[Date "2008.04.28"]
[Round "2"]
[White "Chomski Maciej (POL)"]
[Black "Mondrzycki Bartlomiej (POL)"]
[Result "0-1"]
[WhiteElo "1802"]
[BlackElo "2034"]

1.e4 c5 2.Nf3 Nc6 3.d4 cxd4 4.Nxd4 Nf6 5.Nc3 d6 6.Bg5 Bd7 7.Be2 Qa5 8.Bxf6
gxf6 9.Qd2 Rg8 10.Nb3 Qg5 11.g3 Qxd2+ 12.Kxd2 f5 13.exf5 Bxf5 14.f4 e5 15.Rhf1
O-O-O 16.Nd5 Ne7 17.Ne3 Bh3 18.Rf2 d5 19.Bh5 d4 20.Nf1 e4 21.Ke1 Nf5 22.a3 Nh6
23.Rd1 Bg7 24.Rfd2 Rd5 25.Be2 Rgd8 26.Ne3 R5d7 27.Bb5 dxe3 28.Rxd7 Bxd7 {#R}
0-1

[Event "It (open) \"]
[Site "masterchessopen.com Koszalin (Poland)"]
[Date "2008.06.10"]
[Round "4"]
[White "Adamowicz Katarzyna (POL)"]
[Black "Shishkin Vadim (UKR)"]
[Result "0-1"]
[WhiteElo "2053"]
[BlackElo "2502"]

1.e4 c5 2.Nf3 Nc6 3.d4 cxd4 4.Nxd4 Nf6 5.Nc3 d6 6.Bg5 Bd7 7.Bxf6 gxf6 8.Nb3 a6
9.Qd2 e6 10.O-O-O Qc7 11.f4 O-O-O 12.Be2 h5 13.Rhf1 Kb8 14.Rf3 h4 15.Kb1 Be7
16.a3 Rdg8 17.Bf1 Na5 18.Nxa5 Qxa5 19.Bc4 f5 20.Rf2 fxe4 21.Nxe4 Qxd2 22.Rdxd2
d5 23.Bb3 Bc6 24.Nc3 Bc5 25.Rfe2 Rh5 26.Rd1 Rf5 27.Rf1 d4 28.Ne4 Bb5 29.c4
dxc3 30.Nxc3 Bxe2 31.Nxe2 Rxg2 32.Nc1 Rf2 {#R} 0-1

[Event "It (open)"]
[Site "masterchessopen.com Wroclaw (Poland)"]
[Date "2008.06.22"]
[Round "2"]
[White "Walczak Krystian (POL)"]
[Black "Kaminski Viktor (CAN)"]
[Result "1-0"]
[WhiteElo "1941"]
[BlackElo "2256"]

1.e4 c5 2.Nf3 Nc6 3.d4 cxd4 4.Nxd4 Nf6 5.Nc3 d6 6.Bg5 Bd7 7.Bc4 Qa5 8.Bxf6
gxf6 9.Bd5 e6 10.Bb3 Qc5 11.Nxc6 bxc6 12.Qf3 Be7 13.O-O-O Rg8 14.g3 Rb8 15.Qe2
Qb4 16.f4 e5 17.Qh5 Rg7 18.Qh6 Kf8 19.fxe5 fxe5 20.h4 Kg8 21.Rhf1 Rf8 22.Rd3
Bh3 23.Rf2 Bg4 24.Kb1 Rg6 25.Qe3 Qb6 26.Qe1 Kg7 27.Nd1 f5 28.exf5 Bxf5 29.Rdf3
Rgf6 30.Ka1 Bg6 31.Rxf6 Bxf6 {#r} 1-0

[Event "It (open)"]
[Site "masterchessopen.com Wroclaw (Poland)"]
[Date "2008.06.27"]
[Round "9"]
[White "Swiercz Dariusz (POL)"]
[Black "Shishkin Vadim (UKR)"]
[Result "0-1"]
[WhiteElo "2478"]
[BlackElo "2502"]

1.e4 c5 2.Nf3 Nc6 3.d4 cxd4 4.Nxd4 Nf6 5.Nc3 d6 6.Bg5 Bd7 7.Qd3 Qa5 8.Bxf6
gxf6 9.f4 Nxd4 10.Qxd4 Rc8 11.O-O-O Qc5 12.Qd2 Bg7 13.Kb1 f5 14.e5 O-O 15.exd6
e6 16.Bd3 Qb6 17.Kc1 Rxc3 18.bxc3 Rc8 19.Rdf1 Bxc3 20.Qf2 Bd4 21.Qh4 Rxc2+
22.Bxc2 Be3+ 23.Kd1 Qd4+ 24.Ke2 Qd2+ 25.Kf3 Bc6+ 26.Be4 Bxe4+ {#R} 0-1

[Event "Ch Russia (club) (juniors) (under 18)"]
[Site "masterchessopen.com Rybinsk (Russia)"]
[Date "2008.08.04"]
[Round "3"]
[White "Matinian Nikita (RUS)"]
[Black "Melnikov Valery (RUS)"]
[Result "1-0"]
[WhiteElo "2361"]
[BlackElo "2081"]

1.e4 c5 2.Nf3 d6 3.d4 cxd4 4.Nxd4 Nf6 5.Nc3 Nc6 6.Bg5 Bd7 7.Bc4 Qa5 8.Bxf6
gxf6 9.Nb3 Qg5 10.g3 h5 11.f4 Qg4 12.Be2 Qg6 13.Qd2 f5 14.e5 dxe5 15.Nb5 Rc8
16.O-O-O Be6 17.Bc4 Bg7 18.Bxe6 fxe6 19.Qd7+ {#r} 1-0

[Event "Ch City (final)"]
[Site "masterchessopen.com Vitoria (Brazil)"]
[Date "2008.10.11"]
[Round "5"]
[White "Bittencourt Jorge (BRA)"]
[Black "Souza Filho Namyr C (BRA)"]
[Result "1-0"]
[WhiteElo "2455"]
[BlackElo "2129"]

1.e4 c5 2.Nf3 Nc6 3.d4 cxd4 4.Nxd4 Nf6 5.Nc3 d6 6.Bg5 Bd7 7.Be2 e6 8.Ndb5 Qb8
9.a4 a6 10.Na3 Qc7 11.Qd2 Be7 12.Rd1 h6 13.Bxf6 gxf6 14.Nc4 Nb4 15.O-O Bc6
16.Ne3 h5 17.Kh1 O-O-O 18.Ncd5 Nxd5 19.exd5 Bxa4 20.Ra1 Bb5 21.Bxb5 axb5
22.Qe2 Bf8 23.Ra8+ Kd7 24.Qxb5+ Ke7 25.Nf5+ {#r} 1-0

[Event "Memorial E.Sirotina"]
[Site "masterchessopen.com Moscow (Russia)"]
[Round "0"]
[White "Dubov Daniil (RUS)"]
[Black "Reshetnikov Alexey (RUS)"]
[Result "0-1"]
[WhiteElo "2116"]
[BlackElo "2400"]

1.e4 c5 2.Nf3 Nc6 3.d4 cxd4 4.Nxd4 Nf6 5.Nc3 d6 6.Bg5 Bd7 7.Nb3 e6 8.Be2 a6
9.a4 Be7 10.Bxf6 gxf6 11.O-O Na5 12.Nd4 Rc8 13.Bh5 Nc4 14.Qg4 Kf8 15.Nce2 Rg8
16.Qh3 Qa5 17.Rfe1 Bd8 18.b3 Nd2 19.Bf3 Bb6 20.Rad1 Qg5 21.g3 Rxc2 22.Nxc2
Nxf3+ 23.Kf1 Ke7 24.Qxh7 Rc8 25.Ncd4 Nxe1 26.Rxe1 Qd2 27.Nf3 Qd3 28.Qh5 Rh8
29.Qg4 e5 30.Nxe5 dxe5 {#R} 0-1

[Event "Ch Ukraine (w)"]
[Site "masterchessopen.com Nikolaev (Ukraine)"]
[Date "2008.12.09"]
[Round "8"]
[White "Ivanenko Olga (UKR)"]
[Black "Gaponenko Inna (UKR)"]
[Result "0-1"]
[WhiteElo "2022"]
[BlackElo "2473"]

1.e4 c5 2.Nf3 Nc6 3.d4 cxd4 4.Nxd4 Nf6 5.Nc3 d6 6.Bg5 Bd7 7.Bxf6 gxf6 8.Nf5
Qa5 9.Bb5 Qb4 10.O-O e6 11.a3 Qc5 12.Qd3 exf5 13.Rae1 O-O-O 14.b4 fxe4 15.Nxe4
Qb6 16.Nxf6 Bg7 17.Nd5 Qd4 18.Qb3 Be6 19.c4 Bxd5 20.cxd5 Ne5 21.Rc1+ Kb8
22.Rfd1 Qb6 23.a4 Rc8 24.Qh3 Rxc1 25.Rxc1 a6 26.Bd7 Nxd7 27.Qxd7 Qxb4 28.g3
Bb2 29.Rc7 Qb6 30.Rc2 Ba3 31.Qxf7 Qb1+ {#R} 0-1

[Event "Tournament (open)"]
[Site "masterchessopen.com Zhukovsky (Russia)"]
[Round "1"]
[White "Kukushkin Sergey (RUS)"]
[Black "Rybakov Sergey (RUS)"]
[Result "0-1"]
[WhiteElo "2015"]
[BlackElo "2207"]

1.e4 c5 2.Nf3 Nc6 3.d4 cxd4 4.Nxd4 Nf6 5.Nc3 d6 6.Bg5 Bd7 7.Be2 Qa5 8.Bxf6
gxf6 9.Qd2 Rc8 10.Nb3 Qg5 11.Qxg5 fxg5 12.a3 Bg7 13.O-O-O Bxc3 14.bxc3 Ne5
15.Kb2 Be6 16.g3 Bc4 17.Bd3 Rg8 18.Na5 Be6 19.f4 gxf4 20.gxf4 Nxd3+ 21.Rxd3
Rc5 22.Nb3 Bxb3 23.Kxb3 Rg4 24.Rf3 Rh5 25.Rf2 Kd7 26.Rd1 Ke6 27.c4 Rh3+ 28.Rd3
Rgh4 29.Re2 Rxh2 {#R} 0-1

[Event "Memorial Tringov (open)"]
[Site "masterchessopen.com Plovdiv (Bulgaria)"]
[Date "2009.02.05"]
[Round "7"]
[White "Radulski Julian (BUL)"]
[Black "Stanojoski Zvonko (MKD)"]
[Result "0-1"]
[WhiteElo "2539"]
[BlackElo "2483"]

1.e4 c5 2.Nf3 Nc6 3.d4 cxd4 4.Nxd4 Nf6 5.Nc3 d6 6.Bg5 Bd7 7.Nb3 Rc8 8.Be2 h6
9.Bxf6 gxf6 10.O-O f5 11.Re1 Bg7 12.exf5 Bxc3 13.bxc3 Bxf5 14.Bg4 Bxg4 15.Qxg4
Kf8 16.Rad1 Qc7 17.Re3 Rg8 18.Qh3 Rg6 19.f4 e6 20.f5 exf5 21.Qxf5 Re8 22.Rxe8+
Kxe8 23.Nd4 Ne5 24.h3 Qxc3 25.Kh2 Kf8 26.Ne2 Qc4 27.Nf4 Rg5 28.Qf6 Kg8 29.c3
Qe4 30.a4 Kh7 31.Rg1 Rf5 32.Nd5 Nd3 {#R} 0-1